| 000 | 00600nam a2200193 i 4500 | ||
|---|---|---|---|
| 001 | 110052 | ||
| 003 | ES-MaACL | ||
| 005 | 20230906184952.0 | ||
| 007 | t| | ||
| 008 | 061121s1956 sp r ||||1| spa d | ||
| 080 | _a929 Oppenheimer, Erwin | ||
| 100 | 1 |
_aOppenheimer, Erwin. _9174137 |
|
| 245 | 1 | 0 |
_aPrisioneros del mundo atómico / _cErwin K. Oppenheimer ; traducción castellana de Juan Garriga Pujol. |
| 260 |
_aBarcelona : _bVergara, _c1956. |
||
| 300 |
_a247 p. ; _c19 cm. |
||
| 600 | 1 | 4 |
_aOppenheimer, Erwin. _9174137 |
| 700 | 1 |
_aGarriga Pujol, Juan. _955747 |
|
| 852 | 4 |
_aES-MaACL _jC-11415 |
|
| 999 |
_c110052 _d110052 |
||